书目信息 |
| 题名: |
西方现代艺术史
|
|
| 作者: | 周宏智 著 | |
| 分册: | ||
| 出版信息: | 北京 中国建筑工业出版社 2016.06 |
|
| 页数: | 326页 | |
| 开本: | 26cm | |
| 丛书名: | ||
| 单 册: | ||
| 中图分类: | J110.95 | |
| 科图分类: | ||
| 主题词: | 艺术史--西方国家--现代 | |
| 电子资源: | ||
| ISBN: | 978-7-112-19065-2 | |
| 000 | 00978nam0 2200253 450 | |
| 001 | 0100004388 | |
| 005 | 20190306083347.21 | |
| 010 | @a978-7-112-19065-2@dCNY99.00 | |
| 100 | @a20160705d2016 em y0chiy50 ea | |
| 101 | 0 | @achi |
| 102 | @aCN@b110000 | |
| 105 | @aa z 000yy | |
| 200 | 1 | @a西方现代艺术史@Axi fang xian dai yi shu shi@f周宏智著 |
| 205 | @a2版 | |
| 210 | @a北京@c中国建筑工业出版社@d2016.06 | |
| 215 | @a326页@c图@d26cm | |
| 312 | @a封面英文题名:The western modern art history | |
| 330 | @a本书以简短的篇幅介绍了19世纪中期以来的各种艺术流派,如印象派、后印象派、野兽派、立体主义、表现主义、未来主义、至上主义、构成主义等,在编写过程中尽量做到重点突出、线索清晰,使读者能在较短的时间内,对西方现代艺术的发展历程有相对完整的了解。 | |
| 510 | 1 | @aWestern modern art history@zeng |
| 606 | 0 | @a艺术史@x西方国家@z现代 |
| 690 | @aJ110.95@v5 | |
| 701 | 0 | @a周宏智@Azhou hong zhi@4著 |
| 801 | 0 | @aCN@c20171024 |
| 905 | @a河南城建学院图书馆@dJ110.95@eZ760=2 | |
| 西方现代艺术史/周宏智著.-2版.-北京:中国建筑工业出版社,2016.06 |
| 326页:图;26cm |
| ISBN 978-7-112-19065-2:CNY99.00 |
| 本书以简短的篇幅介绍了19世纪中期以来的各种艺术流派,如印象派、后印象派、野兽派、立体主义、表现主义、未来主义、至上主义、构成主义等,在编写过程中尽量做到重点突出、线索清晰,使读者能在较短的时间内,对西方现代艺术的发展历程有相对完整的了解。 |
| ● |
| 相关链接 |
|
|
|
正题名:西方现代艺术史
索取号:J110.95/Z760=2
 
预约/预借
| 序号 | 登录号 | 条形码 | 馆藏地/架位号 | 状态 | 备注 |
| 1 | 1305244 | 213052444 | 社科库309/309社科库 65排3列6层/ [索取号:J110.95/Z760=2] | 在馆 | |
| 2 | 1339131 | 213391319 | 社科库309/309社科库 65排3列6层/ [索取号:J110.95/Z760=2] | 在馆 |